00633 2200241 4500001002100000005001500021035002000036007000300056008004100059020002200100082000800122084001400130100001300144245003000157260006100187300003800248650001900286700001300305700001400318700001800332856003000350990001100380INLIS00000000000003020230915105721 a0010-0923000018ta230915 g 0 ind  a978-623-7470-63-2 a636 a636 HER i0 aHermanto1 aIntegrasi kakao - kambing aJakarta :bBiro Perencanaan Kementerian Pertanian,c2019 axii, :billus, ;c15,5 cm x 23 cm 4aKakao, Kambing0 aNovianti0 aKhairunas0 aVinna Fitrina aperpustakaan bpsip sumbar a913/22